Logo BPK

Biblioteka

Politechniki Koszalińskiej

Fiziceskie osnovy elektroniki sverchvysokich castot / (Rekord nr 14883)

Szczegóły MARC
000 -ETYKIETA REKORDU
podpole kontrolne o stałej długości 00503nam a2200181 i 4500
001 - NUMER KONTROLNY REKORDU
pole kontrolne bg
040 ## - ŹRÓDŁO KATALOGOWANIA
Instytucja, która utworzyła rekord BPK
041 ## - KOD JĘZYKA
Kod języka tekstu pol
080 ## - UNIWERSALNA KLASYFIKACJA DZIESIĘTNA - UKD
UKD 621.38
008 - POLE O STAŁEJ DŁUGOŚCI - DANE KONTROLNE
podpole kontrolne o stałej długości s pl f |000 0 pol
100 1# - NAZWA OSOBOWA
Nazwa osobowa GAJDUK, V. I.
245 #0 - TYTUŁ/ODPOWIEDZIALNOŚĆ
Tytuł Fiziceskie osnovy elektroniki sverchvysokich castot /
Pozostałe elementy strefy tytułu i oznaczenia odpowiedzialności V. I. Gajduk, K. I. Palatov, D. M. Petrov.
260 ## - STREFA ADRESU WYDAWNICZEGO
Miejsce wydania Moskva :
Nazwa wydawcy/dystrybutora Izdat. "Sovetskoe Radio",
Data publikacji, dystrybucji/powstania dokumentu 1971.
300 ## - STREFA OPISU FIZYCZNEGO
Objętość s. 599 :
Inne cechy fizyczne ilustr.
700 1# - HASŁO DODATKOWE - NAZWA OSOBOWA
Nazwa osobowa PALATOV, K. I.
700 1# - HASŁO DODATKOWE - NAZWA OSOBOWA
Nazwa osobowa PETROV, D. M.
856 ## - LOKALIZACJA I DOSTĘP DO ELEKTRONICZNYCH DOKUMENTÓW ZDALNYCH
Link (URL) http://koha.tu.koszalin.pl/cgi-bin/koha/opac-detail.pl?biblionumber=14883
Tekst linku Katalog online BPK
942 ## - DODATKOWE ELEMENTY (KOHA)
Typ dokumentu Książka
Egzemplarze
Wycofany Status egzemplarza Uszkodzony Dostępność Lokalizacja stała Lokalizacja bieżąca Miejsce przechowywania Sygnatura Kod kreskowy Typ dokumentu
      Dostępny Biblioteka Politechniki Koszalińskiej Biblioteka Politechniki Koszalińskiej Wypożyczalnia BG 15166 01727340 Książka
© 2023 Biblioteka Politechniki Koszalińskiej :: KOHA